000 00707nam a2200289Ia 4500
005 20260324122041.0
008 008 260324s9999 xx 000 0 eng d
020 _a9780429096907
037 _aEBOOK
040 _aCRL
040 _beng
040 _cCRL
041 _2eng
041 _aeng
084 _qCRL
100 _aJacques Bahi; Christophe Guyeux
_91164911
245 0 _aDiscrete Dynamical Systems and Chaotic Machines
245 0 _bTheory and Applications
260 _bTaylor and Francis
260 _c2013
365 _a
365 _b225
856 _uhttp://www.taylorfrancis.com/books/9780429096907
942 _cEBOOK
999 _c1757381
_d1757381